Ảnh hưởng của bón phân giàu sắt đến năng suất lúa và phát thải khí Methane (CH4) trên đất phù sa và đất giồng cát mịn : Luận văn tốt nghiệp cao học. Ngành Khoa học Môi trường
Đánh giá hiệu quả của công việc bón phân giàu sắt đến năng suất là sự phát thải khí Metathne (CH4) trên đất phù sa và đất giồng cát mịn.
Αποθηκεύτηκε σε:
| Κύριος συγγραφέας: | |
|---|---|
| Μορφή: | Βιβλίο |
| Γλώσσα: | Undetermined |
| Έκδοση: |
Cần Thơ
Trường Đại học Cần Thơ
2013
|
| Θέματα: | |
| Ετικέτες: |
Προσθήκη ετικέτας
Δεν υπάρχουν, Καταχωρήστε ετικέτα πρώτοι!
|
| Thư viện lưu trữ: | Trung tâm Học liệu Trường Đại học Cần Thơ |
|---|
| LEADER | 01127nam a2200217Ia 4500 | ||
|---|---|---|---|
| 001 | CTU_185410 | ||
| 008 | 210402s9999 xx 000 0 und d | ||
| 082 | |a 633.18 | ||
| 082 | |b Th107 | ||
| 088 | |a 60440301 | ||
| 100 | |a Đặng, Văn Thanh | ||
| 245 | 0 | |a Ảnh hưởng của bón phân giàu sắt đến năng suất lúa và phát thải khí Methane (CH4) trên đất phù sa và đất giồng cát mịn : | |
| 245 | 0 | |b Luận văn tốt nghiệp cao học. Ngành Khoa học Môi trường | |
| 245 | 0 | |c Đặng Văn Thanh ; Trần Kim Tính (Cán bộ hướng dẫn) | |
| 260 | |a Cần Thơ | ||
| 260 | |b Trường Đại học Cần Thơ | ||
| 260 | |c 2013 | ||
| 520 | |a Đánh giá hiệu quả của công việc bón phân giàu sắt đến năng suất là sự phát thải khí Metathne (CH4) trên đất phù sa và đất giồng cát mịn. | ||
| 650 | |a Mê tan,Phân bón,Methane,Fertilizers | ||
| 904 | |i Bích Phượng, Trúc | ||
| 980 | |a Trung tâm Học liệu Trường Đại học Cần Thơ | ||